Countries Closest to South Africa - 15 Second Sprint - Statistics

General Stats
  • This quiz has been taken 61 times
  • The average score is 6 of 22
Answer Stats
km country miles % Correct
0 Lesotho 0
96%
0 Swaziland 0
70%
0 Namibia 0
66%
517 Zambia 322
60%
0 Botswana 0
51%
0 Zimbabwe 0
51%
750 Angola 466
47%
0 Mozambique 0
43%
965 Dem Rep Congo 600
21%
2282 Congo 1418
19%
707 Malawi 440
19%
1263 Tanzania 785
13%
1170 Madagascar 727
11%
2298 Uganda 1428
6%
1966 Burundi 1221
4%
1724 Comoros 1071
4%
2148 Kenya 1335
4%
2637 Mauritius 1639
2%
2147 Rwanda 1334
2%
2504 Gabon 1556
0%
2148 Seychelles 1334
0%
2560 Somalia 1590
0%
No matching quizzes found
Score Distribution
Percent of People with Each Score
Percentile by Number Answered
Your Score History
You have not taken this quiz